Miasto wojewódzkie po mieście sąsiednim - Statystyki

Ogólne statystyki
  • Ten quiz został rozwiązany 11 razy
  • Średni wynik to 16 z 18
Statystyki odpowiedzi
Miasto/Wieś Miasto wojewódzkie % Poprawnych
Sopot Gdańsk
100%
Chorzów Katowice
100%
Białe Błota (wieś) Bydgoszcz
90%
Zgierz Łódź
90%
Dywity (wieś) Olsztyn
90%
Swarzędz Poznań
90%
Police Szczecin
90%
Lubicz D. (wieś) Toruń
90%
Marki Warszawa
90%
Grabówka (wieś) Białystok
80%
Kłodawa (wieś) Gorzów Wielkopolski
80%
Nowiny (wieś) Kielce
80%
Skawina Kraków
80%
Świdnik Lublin
80%
Górki (wieś) Opole
80%
Trzebownisko (wieś) Rzeszów
80%
Długołęka (wieś) Wrocław
80%
Wilkanowo (wieś) Zielona Góra
80%
Nie znaleziono quizów pasujących do podanych kryteriów
Rozkład punktacji
Procent ludzi z każdym wynikiem
Percentyl według liczby udzielonych odpowiedzi
Twoja historia wyników
Nie rozwiązałeś tego quizu